| 000 | 00636cam a2200217 a 4500 | ||
|---|---|---|---|
| 001 | 1843900 | ||
| 005 | 20180206034312.0 | ||
| 008 | 810420s1982 maua b 001 0 eng | ||
| 010 | _a 81038349 | ||
| 020 | _a0898380715 | ||
| 040 |
_aDLC _cDLC _dDLC |
||
| 041 | _aeng | ||
| 080 | _a658.403 THO | ||
| 082 | 0 | 0 |
_a658.403 THO _219 |
| 100 | 1 | _a59 | |
| 101 | _aBUS | ||
| 245 | 1 | 4 |
_aThe logic of priorities : _cThomas L. Saaty, Luis G. Vargas. |
| 504 | _aIncludes bibliographies and index. | ||
| 906 |
_a7 _bcbc _corignew _d1 _eocip _f19 _gy-gencatlg |
||
| 942 |
_2ddc _cBK |
||
| 999 |
_c41853 _d41853 |
||